| 000 | 00385nam a2200157Ia 4500 | ||
|---|---|---|---|
| 005 | 20250401053219.0 | ||
| 008 | 240331s9999 xx 000 0 und d | ||
| 020 | _a9789550054015 | ||
| 082 |
_bTHI _a894 |
||
| 100 | _aThiyagasegaran,S | ||
| 245 | 0 | _aAevi vidappatta kolayaali | |
| 260 |
_aColombo _bSirahununi _c2008 |
||
| 300 | _a76 p ., | ||
| 500 | _aSirukadhai thoguppu | ||
| 942 | _cL | ||
| 999 |
_c4635 _d4635 |
||